000 00826nam a22002655i 4500
001 18509
003 ES-MaACL
005 20240502063036.0
007 t|
008 020128s1992 sp ||||0| spa
020 _a84-08-00149-3
080 _a929 Franco Bahamonde, Francisco
080 _a821.134.2-94"19"
100 0 _aVázquez Montalbán, Manuel,
_d1939-
_9113463
245 1 0 _aAutobiografía del general Franco /
_cManuel Vázquez Montalbán.
250 _a5ª ed.
260 _aBarcelona :
_bPlaneta,
_c1992.
300 _a679 p. ;
_c21 cm.
490 1 _aAutores españoles e hispanoamericanos
500 _aÍndice.
600 1 4 _aFranco Bahamonde, Francisco,
_d1892-1975
_952240
830 1 _aAutores españoles e hispanoamericanos
_9177795
852 4 _aES-MaACL
_jG-1305
999 _c18509
_d18509